Textbook of Geotechnical Engineering / (Record no. 616591)

000 -LEADER
fixed length control field 00351nam a22001337a 4500
020 ## - INTERNATIONAL STANDARD BOOK NUMBER
Qualifying information PB.
040 ## - CATALOGING SOURCE
Transcribing agency FIZZA ISHAQ
082 ## - DEWEY DECIMAL CLASSIFICATION NUMBER
Classification number 624.151
Author Mark IQB
100 ## - MAIN ENTRY--PERSONAL NAME
Personal name Khan, Iqbal H.
9 (RLIN) 978
245 ## - TITLE STATEMENT
Title Textbook of Geotechnical Engineering /
Statement of responsibility, etc. Iqbal H. Khan
250 ## - EDITION STATEMENT
Edition statement 3RD ED.
260 ## - PUBLICATION, DISTRIBUTION, ETC.
Place of publication, distribution, etc. New Delhi :
Name of publisher, distributor, etc. Prentice Hall of India,
Date of publication, distribution, etc. 2012.
942 ## - ADDED ENTRY ELEMENTS (KOHA)
Source of classification or shelving scheme
Koha item type Book
Holdings
Withdrawn status Lost status Source of classification or shelving scheme Damaged status Not for loan Permanent Location Current Location Date acquired Total Checkouts Full call number Barcode Date last seen Price effective from Koha item type
          NUST Baluchistan Campus (NBC) NUST Baluchistan Campus (NBC) 03/10/2026   624.151 IQB Q- 2133 03/10/2026 03/10/2026 Book
© 2023 Central Library, National University of Sciences and Technology. All Rights Reserved.